| 000 | 01348nam a2200217 4500 | ||
|---|---|---|---|
| 001 | 143083 | ||
| 003 | ES-MaACL | ||
| 005 | 20230906200721.0 | ||
| 007 | t| | ||
| 008 | 070214s1914 fr r ||||1| fre d | ||
| 100 | 1 |
_aSeligman, Edwin Robert Anderson ( _d1861-1939) _9105306 |
|
| 245 | 1 | 0 |
_aEssais sur l'impôt / _cpar Edwin R. A. Seligman ; traduction française, d'après la 8e édition américaine, par Louis Suret. |
| 260 |
_aParis : _b[s. n.], _c1914 ( _eSaint-Amand : _fImp. Bussière) |
||
| 300 |
_a2 v. ; _c23 x 14 cm. |
||
| 490 | 1 | _aBibliothèque internationale de science et de législation financières | |
| 500 | _aContiene: I . Évolution de l'impôt. L'impôt général sur la propriété. L'impôt unique. La double imposition. L'impôt sur les successions. L'imposition des sociétés ------ II . Problèmes fiscaux contemporains. Évolution de l'impôt. Revenus d'État et revenus locaux. Finances d'état et finances fédérales. Précision dans les impositions. Classification des revenus publics. Betterment tax? Réformes récentes. Ouvrages récents. Rapports américains sur l'impôt. L'impôt fédéral sur le revenu de 1913. | ||
| 700 | 1 |
_aSuret, Louis. _9108826 |
|
| 830 | 0 |
_aBibliothèque internationale de science et de législation financières _9187265 |
|
| 852 |
_aES-MaACL _jD-4073-74 |
||
| 999 |
_c143083 _d143083 |
||